The world food problem

Na minha lista:
Detalhes bibliográficos
Autor principal: Cochrane, Willard W.
Formato: Livro
Idioma:Undetermined
Publicado em: New York Thomas Y.Crowell Company,Inc 1834
Assuntos:
Tags: Adicionar Tag
Sem tags, seja o primeiro a adicionar uma tag!
Thư viện lưu trữ: Trung tâm Học liệu Trường Đại học Cần Thơ
LEADER 00499nam a2200181Ia 4500
001 CTU_77420
008 210402s9999 xx 000 0 und d
082 |a 338.1 
082 |b C663 
100 |a Cochrane, Willard W. 
245 4 |a The world food problem 
245 0 |c Willard W. Cochrane 
260 |a New York 
260 |b Thomas Y.Crowell Company,Inc 
260 |c 1834 
650 |a Food supply,Population 
904 |i Trọng Hải 
980 |a Trung tâm Học liệu Trường Đại học Cần Thơ